000 01060cam a2200313 a 4500
999 _c3652
_d3652
001 2924763
003 GBCCL
005 20241126110459.0
008 890213s1989 tnu b 000 0deng
010 _a 89003117
020 _a0840771940
040 _aDLC
_cDLC
_dDLC
050 0 0 _aBV4905.2
_b.S59 1989
082 0 0 _a248.86
_219
_bSMI
100 1 _aSmith, Harold Ivan,
_d1947-
_95604
245 1 0 _aOnce in a lifetime :
_breflections upon the death of a father /
_cHarold Ivan Smith.
260 _aNashville :
_bT. Nelson,
_cc1989.
300 _a156 p. ;
_c22 cm.
504 _aIncludes bibliographical references (p. 153-156).
600 1 0 _aSmith, Harold Ivan,
_d1947-
_95604
650 0 _aConsolation.
_9348
650 0 _aFathers
_xDeath.
_97251
650 0 _aDeath
_xReligious aspects
_xChristianity.
_93965
650 0 _aGrief
_xReligious aspects
_xChristianity.
_95605
650 0 _aBereavement
_xReligious aspects
_xChristianity.
_95489
906 _a7
_bcbc
_corignew
_d1
_eocip
_f19
_gy-gencatlg
942 _2ddc
_cBK